000 nam a22 7a 4500
999 _c44095
_d44095
003 OSt
005 20180502123542.0
008 180502b xxu||||| |||| 00| 0 eng d
040 _cIIMT UNIVERSITY MEERUT
082 _29TH
_b283
100 _aKONERU,A
245 _aPROFESSIONAL COMMUNICATION
_cAUTHOR
_hENGLISH
260 _aDELHI
_bTMH
_c2012
300 _b9TH ED.500 PP.
_ePAPERBACK
760 _b9TH ED.
856 _3PAPERBACK
887 _2ACCESSION REGISTER
942 _2ddc
_c01
_e9TH ED.
_hTITLE
_iBOOK
_k403.213KON
_m403.213KON